000 01361nam a22002777a 4500
001 7016
003 FISKH
005 20250617144331.0
008 250617b cb ||||| |||| 00| 0 eng d
020 _a9788956353968
040 _aFISKH
_beng
_cFISKH
_dFISKH
050 _aPZ7
082 _a398.2
100 _aAndersen, Hans Christian
245 _aThe garden of paradise /
_cHC Andersen
260 _aSeoul :
_bE-Future,
_c2009
300 _a24 pages :
_bcolor illustrations ;
_c21 cm
490 _aMy first classic readers :
_vLevel 3-10
505 _aG
520 _aA curious young prince, despite owning the finest books, yearns to find the legendary Garden of Paradise. One stormy night, he stumbles into a cavern where the Mother of the Winds and her four wind-children gather. They recount their travels across deserts, seas, and distant lands, guiding him on a journey toward the mythical garden. At last, the East Wind carries him into a radiant paradise, where he must resist the temptation of the Tree of Knowledge. Gide to temptation, he awakens back in the cavern—reflecting on the moral that innocence and wisdom are intertwined with restraint and mortality
521 8 _a380
_bLexile estimate
521 8 _aG
_bRaz-Plus
650 _aFairy Tale
_vFantasy
_xMorality Tale
942 _2ddc
_cBK
_n0
999 _c7016
_d7016